000 00710nam a2200193 i 4500
001 167895
003 ES-MaACL
005 20240228213524.0
008 991203s1844 fr |||| | fre d
040 _aCAM
_bspa
_cCAM
100 1 _aWeiss, Charles.
_9133896
245 1 2 _aL'Espagne depuis le régne de Philippe II jusqu'a l'avénement des Bourbons /
_cpar Ch. Weiss.
260 _aParis :
_bchez L. Hachette,
_c1844 (
_fimprimerie de J. Belin-Leprieur fils)
300 _a2 v. ;
_c22 cm.
597 _aVol. I (VIII, 442 p.) -- Vol. II ([4], 408 p.)
651 4 _aEspaña-
_xHistoria-
_y1516-1700, Casa de Austria
_98228
852 _aES-MaACL
_jC-660-61
_z-- Enc. hol.
999 _c167895
_d167895